000
00291 a2200133 4500
000
nam a22 7a 4500
100
_a
Sushma, Yadav
110
_a
Sushma, Yadav
245
_a
Lok Prashasan
250
_a
latest edition
260
_b
OBS
_c
2024
264
_b
OBS
_c
2024
942
_c
BK
999
_c
394412
_d
394412